[Event "?"]
[Site "TCh-NED"]
[Date "2005.??.??"]
[Round "5"]
[White "L'Ami, Erwin"]
[Black "Brenninkmeijer, Joris"]
[Result "1/2-1/2"]
[WhiteElo "2540"]
[BlackElo "2510"]

1. e4 c5 2. Nf3 e6 3. d4 cxd4 4. Nxd4 a6 5. Bd3 Bc5 6. Nb3 Be7 7. O-O d6 8.
c4 Nf6 9. Nc3 Nbd7 10. f4 b6 11. Qe2 Qc7 12. Bd2 Bb7 13. Rae1 Rd8 14. Bc2
h5 15. Nd4 h4 16. Nd5 exd5 17. exd5 O-O 18. Nf5 Rfe8 19. Nxe7+ Kf8 20. Bc3
Qc5+ 21. Kh1 b5 22. Rf3 Qxc4 23. Bd3 Qxd5 24. Nxd5 Rxe2 25. Rxe2 Nxd5 26.
Bd2 Nc5 27. Rh3 Nxd3 28. Rxd3 Rc8 29. Rh3 Rc2 30. Rxh4 f6 31. Kg1 Kf7 32.
Kf2 Rxb2 33. a3 Nb6 34. g4 Nc4 35. Bb4 Rb3 36. f5 a5 37. Rh8 Rf3+ 38. Kg1
Ne3 39. Rxe3 Rxe3 40. Bxd6 Re8 41. Rxe8 1/2-1/2

[Event "?"]
[Site "NRW-Cup Masters Open"]
[Date "1997.??.??"]
[Round "?"]
[White "Gofshtein, Zeev-Alon"]
[Black "Glek, Igor V"]
[Result "1/2-1/2"]
[WhiteElo "2545"]
[BlackElo "2505"]

1. e4 c5 2. Nf3 e6 3. d4 cxd4 4. Nxd4 a6 5. Bd3 Bc5 6. Nb3 Be7 7. Qg4 g6 8.
Nc3 d6 9. Qe2 Nd7 10. Bd2 Qc7 11. f4 Ngf6 12. g4 b5 13. a3 Bb7 14. g5 Nh5
15. Rf1 Nc5 16. Nxc5 dxc5 17. e5 Ng7 18. Be4 O-O 19. Bxb7 Qxb7 20. Ne4 Rad8
21. O-O-O b4 22. Qf3 Qb5 23. axb4 cxb4 24. Kb1 Nf5 25. Bc1 a5 26. Rxd8 Rxd8
27. Rd1 Rxd1 28. Qxd1 a4 29. Qf3 h6 30. Nf6+ Bxf6 31. gxf6 Kh7 32. b3 axb3
33. Qxb3 Nd4 34. Qe3 Qc4 35. Qe4 b3 36. cxb3 Qxb3+ 37. Bb2 Nb5 38. Kc1 Nc7
39. Qc6 Qe3+ 40. Kb1 Qd3+ 41. Kc1 Qf1+ 42. Kc2 Qf2+ 43. Kb1 Qf1+ 44. Kc2
Qe2+ 45. Kc1 1/2-1/2

[Event "?"]
[Site "BIH Team Ch Neum BIH"]
[Date "2002.??.??"]
[Round "?"]
[White "Arapovic, Vitomir"]
[Black "Kobalia, Mikhail"]
[Result "0-1"]
[WhiteElo "2445"]
[BlackElo "2600"]

1. e4 c5 2. Nf3 e6 3. d4 cxd4 4. Nxd4 a6 5. Bd3 Bc5 6. Nb3 Be7 7. O-O d6 8.
c4 Nf6 9. Nc3 Nbd7 10. Kh1 b6 11. f4 Qc7 12. Qe2 Bb7 13. Be3 Rc8 14. Rac1
O-O 15. Nd2 Rfe8 16. b4 Qb8 17. a3 Bf8 18. Bg1 g6 19. Na4 Bc6 20. b5 Ba8
21. bxa6 Qa7 22. Rb1 Rb8 23. e5 Nh5 24. exd6 Bxd6 25. Nxb6 Nxf4 26. Rxf4
Bxf4 27. Ne4 Bxe4 28. Qxe4 Nxb6 29. Qxf4 Qxa6 30. Qc7 Na8 31. Qxb8 Rxb8 32.
Rxb8+ Kg7 33. h3 Qxa3 34. Be4 Nc7 35. Rb7 Qd6 36. Bf3 Qf4 37. c5 Nd5 38. c6
Qc4 39. Rd7 Qxc6 40. Bd4+ Kf8 41. Ra7 Qc1+ 42. Bg1 0-1

[Event "?"]
[Site "AUT-chT2S"]
[Date "2000.??.??"]
[Round "?"]
[White "Rogic, Davor"]
[Black "Horvath, Jozsef"]
[Result "1/2-1/2"]
[WhiteElo "2490"]
[BlackElo "2555"]

1. e4 c5 2. Nf3 e6 3. d4 cxd4 4. Nxd4 a6 5. Bd3 Bc5 6. Nb3 Be7 7. Nc3 d6 8.
Be3 Nd7 9. O-O Ngf6 10. a4 b6 11. f4 Bb7 12. Qe2 O-O 13. Rad1 Qc7 14. Bf2
Rfe8 15. Kh1 Nc5 16. Bg3 Nfd7 17. f5 Bf6 18. fxe6 1/2-1/2

[Event "?"]
[Site "Stockholm SWE"]
[Date "1996.??.??"]
[Round "?"]
[White "Hjartarson, Johann"]
[Black "Agrest, Evgenij"]
[Result "0-1"]
[WhiteElo "2565"]
[BlackElo "2475"]

1. e4 c5 2. Nf3 e6 3. d4 cxd4 4. Nxd4 a6 5. Bd3 Bc5 6. Nb3 Be7 7. Nc3 d6 8.
O-O Nf6 9. f4 Qc7 10. Qf3 Nbd7 11. g4 h6 12. h4 g6 13. g5 hxg5 14. hxg5 Nh5
15. Be3 b6 16. e5 Bb7 17. exd6 Bxf3 18. dxc7 Bb7 19. Be4 Bxe4 20. Nxe4 Rc8
21. Rad1 Rxc7 22. Rf2 Rc4 23. Nd6+ Bxd6 24. Rxd6 Re4 25. Rd3 e5 26. Rfd2
O-O 27. Bf2 Nb8 28. Rd8 exf4 29. Bxb6 Nc6 30. Rxf8+ Kxf8 31. Nc5 Re1+ 32.
Kf2 Ra1 33. Nd7+ Kg8 34. Rd6 Ne7 35. Bd8 Nf5 36. Rxa6 Nhg3 37. Bb6 Nh4 38.
Ra8+ Kg7 39. Bd4+ f6 40. gxf6+ Kh7 0-1

[Event "?"]
[Site "TCh-CRO Pula CRO"]
[Date "2001.??.??"]
[Round "?"]
[White "Milu, Romeo Sorin"]
[Black "Kurajica, Bojan"]
[Result "1/2-1/2"]
[WhiteElo "2475"]
[BlackElo "2565"]

1. e4 c5 2. Nf3 e6 3. d4 cxd4 4. Nxd4 a6 5. Bd3 Bc5 6. Nb3 Be7 7. Qg4 Nf6
8. Qxg7 Rg8 9. Qh6 Nc6 10. Nc3 Rxg2 11. Qh3 Rg4 12. f4 e5 13. Nd5 1/2-1/2

[Event "?"]
[Site "Allemagne Bundesliga (champion"]
[Date "2004.??.??"]
[Round "?"]
[White "Rogic, Davor"]
[Black "Stohl, Igor"]
[Result "1/2-1/2"]
[WhiteElo "2480"]
[BlackElo "2560"]

1. e4 c5 2. Nf3 e6 3. d4 cxd4 4. Nxd4 a6 5. Bd3 Bc5 6. Nb3 Be7 7. O-O d6 8.
c4 Nf6 9. Nc3 O-O 10. Be3 b6 11. f3 Bb7 12. Qd2 Nbd7 13. Rfd1 Qc7 14. Rac1
1/2-1/2

[Event "?"]
[Site "EST Ch int Puhajarve"]
[Date "2001.??.??"]
[Round "?"]
[White "Zjukin, Sergei"]
[Black "Ehlvest, Jaan"]
[Result "0-1"]
[WhiteElo "2415"]
[BlackElo "2625"]

1. e4 c5 2. Nf3 e6 3. d4 cxd4 4. Nxd4 a6 5. Bd3 Bc5 6. Nb3 Be7 7. c4 d6 8.
Nc3 Nf6 9. O-O Nc6 10. Be3 b6 11. Rc1 O-O 12. f4 Bb7 13. Qf3 Rc8 14. Bb1
Nb8 15. Qh3 g6 16. Nd2 Nbd7 17. Rce1 Re8 18. f5 Bf8 19. fxe6 Rxe6 20. Bd4
Ne5 21. Nd5 Nfd7 22. Qb3 Rb8 23. Kh1 Bg7 24. h3 Ba8 25. Qe3 b5 26. cxb5
axb5 27. Nf4 Re7 28. a3 Nc4 29. Nxc4 bxc4 30. Bxg7 Kxg7 31. Rd1 Ne5 32. Rf2
Qb6 33. Qg3 Qb3 34. Qxb3 Rxb3 35. Rxd6 c3 36. Rd8 Bc6 37. Nd5 Bxd5 38. exd5
Reb7 39. d6 cxb2 40. Rc8 Rd3 41. Bxd3 Nxd3 42. Rxb2 Nxb2 43. Rc7 Rb8 0-1

[Event "?"]
[Site "chT1 Drancy France"]
[Date "2002.??.??"]
[Round "?"]
[White "Gallagher, Joseph G"]
[Black "Horvath, Jozsef"]
[Result "1-0"]
[WhiteElo "2500"]
[BlackElo "2535"]

1. e4 c5 2. Nf3 e6 3. d4 cxd4 4. Nxd4 a6 5. Bd3 Bc5 6. Nb3 Be7 7. Nc3 d6 8.
Qg4 g6 9. Qe2 Nd7 10. O-O Qc7 11. Bd2 b6 12. Rae1 Bb7 13. a4 Ngf6 14. Bh6
Bf8 15. Qd2 Bxh6 16. Qxh6 Nc5 17. Nd4 Qe7 18. Qg7 O-O-O 19. Qh6 e5 20. Nb3
Kb8 21. Qe3 h5 22. Rd1 Ng4 23. Qe2 Ne6 24. g3 f5 25. f3 Nd4 26. Nxd4 exd4
27. fxg4 dxc3 28. gxf5 gxf5 29. exf5 Qc7 30. Bxa6 Qc5+ 31. Rf2 Rhe8 32. Qb5
Bxa6 33. Qxa6 cxb2 34. Qb5 Qxb5 35. axb5 Re5 36. c4 Rc8 37. f6 Kc7 38. Rxb2
Rf8 39. Rf2 Kd7 40. Rd4 Ke6 41. Rf1 Rd8 42. Rf2 Kf7 43. Kg2 d5 44. Rfd2
Kxf6 45. Rxd5 Rdxd5 46. Rxd5 1-0

[Event "?"]
[Site "Rep. Tcheque (championnat equi"]
[Date "2004.??.??"]
[Round "?"]
[White "Biolek, Richard"]
[Black "Navara, David"]
[Result "1/2-1/2"]
[WhiteElo "2435"]
[BlackElo "2600"]

1. e4 c5 2. Nf3 e6 3. d4 cxd4 4. Nxd4 a6 5. Bd3 Bc5 6. Nb3 Be7 7. O-O d6 8.
c4 Nf6 9. Nc3 O-O 10. Be3 b6 11. a4 Nc6 12. Qe2 Nd7 13. Nd4 Nb4 14. Nc2
Nxd3 15. Qxd3 Bb7 16. Nd4 Rc8 17. b3 Nc5 18. Qb1 d5 19. exd5 exd5 20. cxd5
Bxd5 21. Rd1 Ba8 22. Nf5 Qe8 23. Nd5 Bxd5 24. Nxe7+ Qxe7 25. Rxd5 Qe6 26.
Bxc5 Qxd5 27. Bxf8 Rxf8 28. Qc2 Rd8 29. Rc1 1/2-1/2

[Event "?"]
[Site "74. ch Saarbruecken"]
[Date "2002.??.??"]
[Round "?"]
[White "Naiditsch, Arkadij"]
[Black "Zeller, Frank"]
[Result "1-0"]
[WhiteElo "2585"]
[BlackElo "2450"]

1. e4 c5 2. Nf3 e6 3. d4 cxd4 4. Nxd4 a6 5. Bd3 Bc5 6. Nb3 Be7 7. O-O d6 8.
c4 Nf6 9. Nc3 b6 10. f4 Nbd7 11. Qf3 Bb7 12. Kh1 Qc7 13. Bd2 h5 14. Qh3 Ng4
15. Rac1 Ndf6 16. f5 Qd7 17. Nd4 Rc8 18. b3 Bd8 19. fxe6 fxe6 20. Nd5 O-O
21. Nxf6+ Bxf6 22. Qxh5 Ne5 23. Bb1 Rc5 24. Qh3 Bc8 25. Ne2 b5 26. Be3 Rc6
27. Nf4 bxc4 28. Ng6 Nxg6 29. e5 Nxe5 30. Qh7+ Kf7 31. Rxf6+ Kxf6 32. Rf1+
Ke7 33. Qxg7+ Nf7 34. Rxf7+ Rxf7 35. Bg5+ Ke8 36. Qg8+ 1-0

[Event "?"]
[Site "Saint-Petersbourg eme annivers"]
[Date "2003.??.??"]
[Round "?"]
[White "Alavkin, Arseny"]
[Black "Iljushin, Alexei"]
[Result "1-0"]
[WhiteElo "2485"]
[BlackElo "2550"]

1. e4 c5 2. Nf3 e6 3. d4 cxd4 4. Nxd4 a6 5. Bd3 Bc5 6. Nb3 Be7 7. c4 d6 8.
Nc3 Nf6 9. O-O b6 10. f4 Nbd7 11. Qe2 Qc7 12. Bd2 Bb7 13. Rae1 O-O 14. Kh1
Rac8 15. Nd4 g6 16. Nf3 Rfe8 17. Ng5 Nh5 18. Qg4 Ng7 19. Qh4 Bxg5 20. Qxg5
Nc5 21. Bc2 f5 22. exf5 exf5 23. Nd5 Bxd5 24. cxd5 Qd8 25. Qh6 Ne4 26. Bxe4
fxe4 27. g4 Qf6 28. Bc3 Rxc3 29. bxc3 e3 30. Qh3 Qxc3 31. f5 gxf5 32. gxf5
Qd2 33. f6 Qxd5+ 34. Qf3 Qxf3+ 35. Rxf3 Rf8 36. Rg1 1-0

[Event "?"]
[Site "(championnat)"]
[Date "2003.??.??"]
[Round "?"]
[White "Ernst, Thomas"]
[Black "Agrest, Evgenij"]
[Result "1/2-1/2"]
[WhiteElo "2440"]
[BlackElo "2590"]

1. e4 c5 2. Nf3 e6 3. d4 cxd4 4. Nxd4 a6 5. Bd3 Bc5 6. Nb3 Be7 7. O-O d6 8.
Qg4 g6 9. Qe2 Nd7 10. c4 b6 11. Nc3 Qc7 12. f4 Ngf6 13. Be3 Bb7 14. Rae1 h5
15. Kh1 h4 16. Kg1 Nc5 17. Nxc5 dxc5 18. e5 Nh5 19. Be4 O-O-O 20. Rd1 Ng7
21. Rxd8+ Rxd8 22. Rd1 Rxd1+ 23. Qxd1 Bxe4 24. Nxe4 Nf5 25. Bf2 g5 26. g4
hxg3 27. hxg3 gxf4 28. gxf4 Qc6 29. Qd3 Kc7 30. Kf1 Qa8 31. a4 Qc6 1/2-1/2

[Event "?"]
[Site "HUN Team Ch"]
[Date "2002.??.??"]
[Round "?"]
[White "Anka, Emil"]
[Black "Chernin, Alexander M"]
[Result "1/2-1/2"]
[WhiteElo "2460"]
[BlackElo "2570"]

1. e4 c5 2. Nf3 e6 3. d4 cxd4 4. Nxd4 a6 5. Bd3 Bc5 6. Nb3 Be7 7. c4 Nc6 8.
Nc3 Nf6 9. Be3 d6 10. O-O O-O 11. Rc1 b6 12. f3 Bb7 13. Re1 Ne5 14. Bf1 Rc8
15. Na4 Nfd7 16. Nd4 Bh4 17. Bf2 Bxf2+ 18. Kxf2 Qc7 19. Qd2 Rfd8 20. Kg1
Nf6 21. b4 Rb8 22. Nb2 Ba8 23. a3 1/2-1/2

[Event "?"]
[Site "It (Open) Seville ESP"]
[Date "2006.??.??"]
[Round "?"]
[White "Sanz Alonso, Francisco Javier"]
[Black "Korneev, Oleg"]
[Result "1/2-1/2"]
[WhiteElo "2385"]
[BlackElo "2645"]

1. e4 c5 2. Nf3 e6 3. d4 cxd4 4. Nxd4 a6 5. Bd3 Bc5 6. Nb3 Be7 7. O-O d6 8.
Qg4 g6 9. Nc3 Nd7 10. f4 Ngf6 11. Qe2 Qc7 12. Bd2 b5 13. Rae1 b4 14. Nd1
Bb7 15. Nf2 a5 16. e5 Nd5 17. Nd4 Qb6 18. Nf3 Ba6 19. Kh1 Nc5 20. Ng5 Nxd3
21. cxd3 h6 22. Nf3 Rc8 23. Rc1 Rxc1 24. Rxc1 O-O 25. f5 exf5 26. Bxh6 Re8
27. e6 Bf6 28. exf7+ Kxf7 29. Qd2 Bb7 30. Nh3 Kg8 31. Bg5 Bg7 32. Bh6 Ne3
33. Bxg7 Kxg7 34. Qf2 Bxf3 35. gxf3 Nd5 36. Qg3 Qd4 37. Rg1 Qf6 38. Ng5 a4
1/2-1/2

[Event "?"]
[Site "JUG Team Ch Novi Sad YUG"]
[Date "2000.??.??"]
[Round "?"]
[White "Georgiev, Krum I"]
[Black "Popovic, Petar"]
[Result "1-0"]
[WhiteElo "2530"]
[BlackElo "2500"]

1. e4 c5 2. Nf3 e6 3. d4 cxd4 4. Nxd4 Qb6 5. Nc3 Bc5 6. Na4 Qa5+ 7. c3 Bxd4
8. Qxd4 Nf6 9. Nc5 Nc6 10. Qe3 O-O 11. Be2 d5 12. O-O e5 13. Nb3 Qc7 14.
exd5 Nxd5 15. Qf3 Nde7 16. Re1 b6 17. Bf1 Be6 18. Nd2 f5 19. Bc4 Bxc4 20.
Nxc4 b5 21. Na3 a6 22. Be3 e4 23. Bf4 Qb7 24. Qg3 Ng6 25. Rad1 Rae8 26. Bd6
Rf6 27. c4 b4 28. Nc2 f4 29. Qb3 Nh4 30. c5+ Qf7 31. Qxf7+ Kxf7 32. Nd4
Nxd4 33. Rxd4 Rg6 34. Kf1 f3 35. g3 Nf5 36. Rdxe4 Rxe4 37. Rxe4 Nxd6 38.
cxd6 Rxd6 39. Rf4+ Kg6 40. Rxf3 Rd2 41. Rb3 a5 42. a3 bxa3 43. bxa3 Ra2 44.
Kg2 h5 45. Rb6+ Kf7 46. Rb5 Rxa3 47. Rxh5 Kf6 48. h4 Ra1 49. Kf3 Ra3+ 50.
Kg4 Ra4+ 51. f4 Ra3 52. Rf5+ Kg6 53. h5+ Kh7 54. Kh4 a4 55. Ra5 1-0

[Event "?"]
[Site "KB Czech Open"]
[Date "2003.??.??"]
[Round "?"]
[White "Acs, Peter"]
[Black "Anka, Emil"]
[Result "0-1"]
[WhiteElo "2605"]
[BlackElo "2425"]

1. e4 c5 2. Nf3 e6 3. d4 cxd4 4. Nxd4 a6 5. Bd3 Bc5 6. Nb3 Be7 7. O-O d6 8.
c4 Nd7 9. Nc3 b6 10. Qg4 g6 11. Qe2 Ne5 12. f4 Nxd3 13. Qxd3 Bb7 14. f5
gxf5 15. exf5 Nf6 16. fxe6 fxe6 17. Nd4 Rg8 18. Rf2 Qd7 19. Qh3 Rg4 20. Qe3
e5 21. Nf3 O-O-O 22. Qxb6 Rdg8 23. Bg5 Bd8 24. Qe3 R4xg5 25. Qxg5 Qg4 0-1

[Event "?"]
[Site "76th ch-GER Altenkirchen GER ;"]
[Date "2005.??.??"]
[Round "6"]
[White "Luther, Thomas"]
[Black "Handke, Florian"]
[Result "1-0"]
[WhiteElo "2540"]
[BlackElo "2485"]

1. e4 c5 2. Nf3 e6 3. d4 cxd4 4. Nxd4 a6 5. Bd3 Bc5 6. Nb3 Be7 7. O-O d6 8.
c4 b6 9. Nc3 Bb7 10. Be3 Nf6 11. f3 O-O 12. Qd2 Nc6 13. Rfc1 Rc8 14. Bf1
Ne5 15. Na4 Nfd7 16. Nd4 Re8 17. b4 d5 18. cxd5 exd5 19. exd5 b5 20. Rxc8
Qxc8 21. Rc1 Qa8 22. Nc5 Bxc5 23. bxc5 Bxd5 24. c6 Nf6 25. c7 Qc8 26. Bg5
Nc4 27. Bxc4 Bxc4 28. Bxf6 gxf6 29. Re1 Rxe1+ 30. Qxe1 Qxc7 31. Qe8+ Kg7
32. Nf5+ Kg6 33. Qg8+ 1-0

[Event "?"]
[Site "7th Open Dubai UAE ;The Week i"]
[Date "2005.??.??"]
[Round "2"]
[White "Zhang Pengxiang"]
[Black "Sale, Srdjan"]
[Result "1/2-1/2"]
[WhiteElo "2580"]
[BlackElo "2445"]

1. e4 c5 2. Nf3 e6 3. d4 cxd4 4. Nxd4 Bc5 5. Nc3 Qb6 6. Na4 Qa5+ 7. c3 Bxd4
8. Qxd4 Nf6 9. Nc5 Nc6 10. Qe3 b6 11. Nb3 Qa4 12. Nd2 Ba6 13. b3 Qa5 14.
Bxa6 Qxa6 15. c4 O-O 16. Bb2 Ne8 17. O-O f5 18. exf5 Rxf5 19. Ne4 Qb7 20.
Rad1 Rd8 21. Rd2 h6 22. Rfd1 Ne7 23. Qe2 Ng6 24. f3 Nf4 25. Qe3 d5 26. Ng3
Rf7 27. Ne2 Nxe2+ 28. Rxe2 Nc7 29. Be5 Ne8 30. Bb2 Nc7 31. c5 Re8 32. Rc1
bxc5 33. Rxc5 Rd7 34. Rc1 Nb5 35. Qd3 Kf7 36. a4 Nd6 37. Be5 Nf5 38. g4 Nh4
39. Bg3 Ng6 40. Kg2 Qb4 41. f4 Nf8 42. Be1 Qb8 43. Bg3 Qb4 44. Qf3 Kg8 45.
f5 e5 46. Be1 Qb7 47. Rd1 Nh7 48. Bh4 e4 49. Qe3 Rb8 50. Red2 Ng5 51. Bxg5
hxg5 52. Rd4 Qc6 53. R1d2 a5 54. Qxg5 Rxb3 55. Qh5 Rf7 56. Qh4 Rf6 57. Rf2
e3 58. Re2 Rb4 59. g5 Rxd4 60. Qxd4 Rxf5 61. h4 Kh7 62. Qxe3 Qc4 63. Kg3
Qxa4 64. h5 Qd7 65. g6+ Kg8 66. Qe8+ Qxe8 67. Rxe8+ Rf8 68. Re3 a4 69. Ra3
Ra8 70. Kf4 Kf8 71. Ke5 Ke7 72. Rf3 a3 73. Rf7+ Ke8 74. Rxg7 Ra6 1/2-1/2

[Event "?"]
[Site "Berliner Sommer"]
[Date "1995.??.??"]
[Round "?"]
[White "Dvoirys, Semen I"]
[Black "Sale, Srdjan"]
[Result "0-1"]
[WhiteElo "2580"]
[BlackElo "2445"]

1. e4 e6 2. d4 c5 3. Nf3 cxd4 4. Nxd4 Bc5 5. Nc3 Qb6 6. Na4 Qa5+ 7. c3 Bxd4
8. Qxd4 Nf6 9. Nc5 Nc6 10. Qe3 O-O 11. Be2 b6 12. Nb3 Qa4 13. Nd2 Ne5 14.
O-O Ba6 15. b3 Qa5 16. c4 b5 17. Bb2 bxc4 18. Bc3 Qc7 19. Rac1 Rfc8 20. h3
d6 21. Bxe5 dxe5 22. Bxc4 Bb7 23. Ba6 Qxc1 24. Rxc1 Rxc1+ 25. Nf1 Rc7 26.
Bxb7 Rxb7 27. Nd2 Nd7 28. Nc4 f6 29. Nd6 Rc7 30. Nb5 Rb7 31. Qd3 Nf8 32.
Nd6 Rd8 33. Qa6 Rb6 34. Qxa7 Rdxd6 35. Kh2 h5 36. h4 Ng6 37. g3 Kh7 38. Kg2
f5 39. exf5 exf5 40. Qf7 Rf6 41. Qc4 f4 42. a4 f3+ 43. Kh2 e4 44. Qxe4 Rbe6
45. Qd3 Re2 46. Kg1 Kh6 47. Qd8 Ne5 48. Qh8+ Kg6 49. Qe8+ Rf7 50. Qe6+ Kh7
51. Kf1 Nd3 0-1

[Event "?"]
[Site "Open, Moscow RUS"]
[Date "2006.??.??"]
[Round "9"]
[White "Smikovski, Ivan"]
[Black "Ivanov, Victor L"]
[Result "1-0"]
[WhiteElo "2535"]
[BlackElo "2490"]

1. e4 c5 2. Nf3 e6 3. d4 cxd4 4. Nxd4 a6 5. Bd3 Bc5 6. Nb3 Be7 7. O-O d6 8.
Qg4 g6 9. Qe2 Nd7 10. c4 b6 11. Nc3 Bb7 12. Be3 Ngf6 13. Rac1 O-O 14. f3
Re8 15. Qf2 Qc7 16. Rfd1 Rac8 17. Bf1 Ba8 18. a3 Qb8 19. Nd2 Bd8 20. b4 Ne5
21. h3 Ned7 22. Nb3 Ne5 23. Nd2 Ned7 24. Be2 Bc7 25. f4 Bc6 26. a4 Qa8 27.
Bd3 a5 28. b5 Bb7 29. Bd4 Nh5 30. Rf1 Rf8 31. Bb1 Rce8 32. Be3 Qb8 33. Nf3
Nhf6 34. Ng5 Nh5 35. Rcd1 Ba8 36. Rd2 Rd8 37. Qh4 h6 38. Nf3 Rde8 39. Qf2
Nc5 40. Rdd1 Nf6 41. Nd2 h5 42. f5 Kg7 43. Bg5 Ncd7 44. e5 dxe5 45. fxg6
fxg6 46. Qe3 Ng8 47. Nf3 Nc5 48. Nh4 Rf5 49. Qg3 Kh7 50. Bxf5 exf5 51. Bf6
1-0

[Event "?"]
[Site "HUN Team Ch"]
[Date "2001.??.??"]
[Round "?"]
[White "Sax, Gyula"]
[Black "Szabo, Zsolt Jozsef"]
[Result "0-1"]
[WhiteElo "2590"]
[BlackElo "2430"]

1. e4 c5 2. Nf3 e6 3. d4 cxd4 4. Nxd4 a6 5. Bd3 Bc5 6. Nb3 Be7 7. Qg4 Bf6
8. Qe2 d6 9. f4 Nd7 10. N1d2 Ne7 11. Nc4 Qc7 12. Ne3 Nc6 13. O-O O-O 14.
Ng4 Be7 15. Bd2 b5 16. Rf3 f5 17. exf5 exf5 18. Ne3 Nb6 19. Rh3 Bf6 20. c3
h6 21. Re1 Bd7 22. c4 b4 23. Qf2 a5 24. Nd5 Nxd5 25. cxd5 Ne7 26. Rc1 Qb7
27. Nd4 Nxd5 28. Bc4 Kh8 29. Rd3 Nb6 30. Bb5 Rac8 31. Re1 Rfe8 32. Rxe8+
Rxe8 33. Bxd7 Nxd7 34. Be3 Qe4 0-1

[Event "?"]
[Site "Bundesliga Bremen GER"]
[Date "2004.??.??"]
[Round "?"]
[White "Holzke, Frank"]
[Black "Hansen, Sune Berg"]
[Result "1/2-1/2"]
[WhiteElo "2470"]
[BlackElo "2550"]

1. e4 c5 2. Nf3 e6 3. d4 cxd4 4. Nxd4 a6 5. Bd3 Bc5 6. Nb3 Be7 7. Qg4 g6 8.
Qe2 d6 9. O-O Nd7 10. Nc3 Qc7 11. Bd2 b6 12. f4 Ngf6 13. Rae1 O-O 14. e5
Ne8 15. exd6 Bxd6 16. Ne4 Be7 17. Ng3 Bd6 18. Ne4 Be7 19. Ng3 Bd6 1/2-1/2

[Event "?"]
[Site "Premier Hastings ENG"]
[Date "2000.??.??"]
[Round "?"]
[White "Gormally, Daniel"]
[Black "Plaskett, Jim"]
[Result "1-0"]
[WhiteElo "2495"]
[BlackElo "2525"]

1. e4 c5 2. Nf3 e6 3. d4 cxd4 4. Nxd4 Bc5 5. Nc3 Qb6 6. Na4 Qa5+ 7. c3 Bxd4
8. Qxd4 Nf6 9. Nc5 Nc6 10. Qd6 b6 11. b4 Nxb4 12. Nb3 Nc2+ 13. Kd1 Nxe4 14.
Qf4 Qxc3 15. Qxe4 Nxa1 16. Nxa1 Qxa1 17. Qxa8 Qd4+ 18. Ke1 Qb4+ 19. Bd2
Qb1+ 20. Ke2 O-O 21. Qxa7 Qe4+ 22. Kd1 Bb7 23. Qxb6 Bc6 24. Be2 Qe5 25. Qb4
Rb8 26. Qa3 Qd4 27. Bd3 Bxg2 28. Re1 Bf3+ 29. Kc2 Rc8+ 30. Kb1 Rb8+ 31. Kc1
Rc8+ 32. Kb1 Bd5 33. Be3 Qe5 34. f4 Qb8+ 35. Ka1 Qc7 36. Rc1 Qd8 37. Rxc8
Qxc8 38. Qc1 Qa8 39. Qc2 h6 40. Bd4 f6 41. Be3 e5 42. fxe5 fxe5 43. Bh7+
Kh8 44. Bf5 d6 45. Qc8+ Qxc8 46. Bxc8 Bc6 47. Bb6 g5 48. Bc7 Kg7 49. Bxd6
Kf6 50. Kb2 h5 51. Kc3 g4 52. Bc7 Kg5 53. Bxe5 Kh4 54. Kd4 Kh3 55. Ke3 h4
56. Kf2 1-0

[Event "?"]
[Site "olympia hopes"]
[Date "2002.??.??"]
[Round "?"]
[White "Kovacevic, Aleksandar"]
[Black "Perunovic, Milos"]
[Result "1/2-1/2"]
[WhiteElo "2545"]
[BlackElo "2475"]

1. e4 c5 2. Nf3 e6 3. d4 cxd4 4. Nxd4 a6 5. Bd3 Bc5 6. Nb3 Be7 7. Qg4 g6 8.
Qe2 d6 9. O-O Nd7 10. c4 Qc7 11. Nc3 b6 12. Be3 Bb7 13. f4 Ngf6 14. Nd2 Rd8
15. Rac1 O-O 16. b4 Rfe8 17. h3 Bf8 18. Qf2 Ba8 19. Bb1 Bg7 20. Bd3 Rc8 21.
Rfe1 Qd8 22. Bf1 h5 23. Qg3 Nf8 24. Bf2 Qc7 25. c5 b5 26. Nb3 N6d7 27. cxd6
Qxd6 28. Nc5 Nxc5 29. e5 Ne4 30. Nxe4 Qxb4 31. Nd6 Rxc1 32. Rxc1 Rd8 33.
Rc7 Rxd6 34. Bc5 Rd7 35. Bxb4 Rxc7 36. Qa3 Bb7 37. Bd6 Rc2 38. Qb3 Rc8 39.
a4 Bd5 40. Qb4 Rc1 41. Qb2 Rd1 42. Qe2 Rc1 43. Qb2 Rd1 44. Kf2 Bxg2 45.
Bxg2 Rxd6 46. axb5 axb5 47. Qxb5 Rd2+ 48. Kg3 Bh6 49. Be4 Rd4 50. Kf3 Kg7
51. Ke3 Rd1 52. Bc6 g5 53. fxg5 Bxg5+ 54. Ke2 Rd4 55. Qc5 Rf4 56. Qg1 Kh6
57. Qc5 Ng6 58. Kd1 Rf5 59. Qa7 Kg7 60. Be4 Rxe5 61. Bxg6 Kxg6 62. Qb8 Bf6
63. Qb3 Bg7 64. Qg3+ Kh7 65. Qf3 Kg6 66. Qg3+ Rg5 1/2-1/2

[Event "?"]
[Site "TCh-AUT"]
[Date "2005.??.??"]
[Round "3"]
[White "Kindermann, Stefan E S"]
[Black "Fogarasi, Tibor"]
[Result "1/2-1/2"]
[WhiteElo "2535"]
[BlackElo "2480"]

1. e4 c5 2. Nf3 e6 3. d4 cxd4 4. Nxd4 a6 5. Bd3 Bc5 6. Nb3 Be7 7. O-O d6 8.
f4 Nd7 9. Nc3 Ngf6 10. Bd2 Qc7 11. Qe2 b6 12. Rae1 Bb7 13. e5 Nd5 14. Qh5
g6 15. Qh3 Nc5 16. Nxd5 Bxd5 17. Nxc5 dxc5 18. c4 Bc6 19. Bc3 O-O-O 20. Be4
1/2-1/2

[Event "Gibtelecom Masters"]
[Site "Catalan Bay ENG"]
[Date "2007.02.01"]
[Round "9"]
[White "Al Sayed, Mohamad N"]
[Black "Epishin, Vladimir V"]
[Result "1/2-1/2"]
[WhiteElo "2460"]
[BlackElo "2554"]

1. e4 c5 2. Nf3 e6 3. d4 cxd4 4. Nxd4 a6 5. Bd3 Bc5 6. Nb3 Be7 7. Be3 Nc6
8. f4 d5 9. e5 Nh6 10. N1d2 O-O 11. c3 f6 12. exf6 Bxf6 13. Qc2 Ng4 14.
Bxh7+ Kh8 15. Bc5 Be7 16. Bg1 Rxf4 17. O-O-O Qf8 18. Kb1 e5 19. h3 Nf2 20.
Bxf2 Rxf2 21. Rdf1 Bd7 22. Bg6 Bg5 23. Qd1 Bh6 24. g4 Ne7 25. Bc2 Bb5 26.
Rxf2 Qxf2 27. g5 Bxg5 28. Qh5+ Bh6 29. Qxe5 Re8 30. Qh5 Ng8 31. a4 Nf6 32.
Qg6 Re1+ 33. Rxe1 Qxe1+ 34. Ka2 Be8 35. Qg2 Bxa4 36. Nf3 Bxb3+ 37. Kxb3 Qa1
38. Ne5 b5 39. Nf7+ Kg8 40. Nxh6+ Kf8 41. Kb4 Qxb2+ 42. Ka5 Qa3+ 43. Kb6
Qd6+ 44. Ka5 gxh6 45. Qg6 Ke7 46. Bf5 Qa3+ 47. Kb6 Qd6+ 48. Ka5 Ne8 49. Qg8
Qf6 50. Qxd5 Qxc3+ 51. Kb6 Qf6+ 52. Ka5 Qd6 53. Qe4+ Kf8 54. Bg6 Nf6 55.
Qb7 Nd7 56. Qxa6 Qa3+ 57. Kxb5 Qb3+ 58. Ka5 Qc3+ 59. Kb5 Ke7 60. Bh7 Qxh3
61. Kb4 Qe3 62. Qa3 Qe5 63. Kc4+ Kf7 64. Qf3+ Kg7 65. Bd3 Qc5+ 66. Kb3 Qd4
67. Qg2+ Kf6 68. Qf3+ Ke7 69. Kc2 Ne5 70. Qe4 Qf2+ 71. Kc3 Kf6 72. Be2 Qg3+
73. Kd2 h5 74. Qe3 h4 75. Qxg3 hxg3 76. Ke3 Kg5 77. Bf3 Nc4+ 78. Ke2 Kh4
79. Bg2 Kg4 80. Bd5 Kh3 81. Ba8 Kh2 82. Bb7 Ne5 83. Ba8 Ng6 84. Kf1 Nf4 85.
Be4 g2+ 86. Bxg2 Nxg2 1/2-1/2

[Event "?"]
[Site "Ch team"]
[Date "2001.??.??"]
[Round "?"]
[White "Horvath, Adam"]
[Black "Farago, Ivan"]
[Result "1/2-1/2"]
[WhiteElo "2490"]
[BlackElo "2525"]

1. e4 c5 2. Nf3 e6 3. d4 cxd4 4. Nxd4 a6 5. Bd3 Bc5 6. Nb3 Be7 7. Nc3 d6 8.
Be3 Nf6 9. f4 Nbd7 10. Qf3 O-O 11. O-O-O Qc7 12. g4 Nc5 13. Nxc5 dxc5 14.
g5 Nd7 15. e5 c4 16. Bxh7+ Kxh7 17. Qh3+ Kg8 18. g6 fxg6 19. Qxe6+ Rf7 20.
Nd5 Qd8 21. Nb6 Nxb6 22. Rxd8+ Bxd8 23. Qe8+ Rf8 24. Qxg6 Bf5 25. Qd6 Rc8
26. Rd1 Rc6 27. Qb4 Bc7 28. a4 Be4 29. Bc5 a5 30. Qe1 Rxf4 31. Qe3 Nd5 32.
Rxd5 Bxd5 33. Qxf4 Rxc5 34. Qf5 Bb6 35. e6 Bc6 36. Qf7+ Kh7 37. Qf2 Be8 38.
e7 g6 39. Qh4+ Kg7 40. Qd4+ Kf7 41. Qd8 Bc7 42. Kb1 b6 43. h4 Rc6 44. Qd5+
Kxe7 45. Qg5+ Rf6 46. Qe3+ Re6 47. Qg5+ Kf8 48. Qh6+ Ke7 49. Qg5+ Rf6 50.
Qe3+ Kf8 51. Qh6+ Kg8 52. Qg5 Rf1+ 53. Ka2 Bf7 54. h5 c3+ 55. b3 Rf2 56.
Kb1 Rf1+ 57. Ka2 Rf2 58. Kb1 Bd6 59. Qd8+ Bf8 60. Qxb6 Rf1+ 61. Ka2 Rc1 62.
Qf2 gxh5 63. Qg1+ 1/2-1/2

[Event "?"]
[Site "(championnat equipes)"]
[Date "2003.??.??"]
[Round "?"]
[White "Cabrilo, Goran"]
[Black "Kurajica, Bojan"]
[Result "1-0"]
[WhiteElo "2465"]
[BlackElo "2550"]

1. e4 c5 2. Nf3 e6 3. d4 cxd4 4. Nxd4 a6 5. Bd3 Bc5 6. Nb3 Be7 7. Nc3 d6 8.
f4 Nd7 9. Qe2 Qc7 10. Bd2 b6 11. O-O Ngf6 12. Rae1 e5 13. g4 exf4 14. g5 f3
15. Rxf3 Ng4 16. Nd5 Qd8 17. Nd4 Nge5 18. Rxf7 Kxf7 19. Rf1+ Ke8 20. Ne6
Nc5 21. Bb5+ 1-0